Evénements du 24 février - Statistiques

Statistiques générales
  • Ce quiz a été pris 37 fois
  • Le résultat moyen est 9 sur 15
Statistiques - réponses
Hint Réponse % Correct
Début de l'invasion de l'Ukraine par la Russie 2022
90%
Naissance du chanteur Plastic Bertrand 1954
84%
Naissance du 1er bébé éprouvette français 1982
74%
Charles-Quint est couronné empereur 1530
71%
Mort du chef Bernard Loiseau 2003
71%
Naissance de Charles-Quint 1500
68%
Abdication de Charles-Quint 1555
58%
Naissance de Jean Pic de la Mirandole 1463
55%
Henri Becquerel découvre les conséquences de la radioactivité 1896
55%
Décision de construction l'Hôtel des Invalides à Paris 1670
52%
Naissance du compositeur Michel Legrand 1932
52%
Mise en place du calendrier Julien 45 avt J.C.
48%
Assassinat du duc de Guise 1563
42%
Déclaration d'indépendance de l'Estonie 1918
35%
Naissance du parti Nazi 1920
32%
Aucun quiz correspondant
Distribution des résultats
% des personnes avec chaque résultat
Percentile par nombre de réponses
Votre historique - résultats
Vous n’avez pas pris ce quiz